| 000 | 00522nam a22001457a 4500 | ||
|---|---|---|---|
| 999 |
_c4664 _d4664 |
||
| 008 | 161122b xxu||||| |||| 00| 0 eng d | ||
| 020 | _a0-8213-5464-7 | ||
| 082 | _a332.041'091'724 SUB | ||
| 100 | _aFrerire, Mila.- (Editor).- | ||
| 245 |
_aSubnational Capital Markets in Developing Countries: _bFrom Theory to Practice/ _cEdited by Mila Freire and John Petersen.- _hEnglish. |
||
| 260 |
_aWashington, D.C.: _bThe World Bank, _c2004. |
||
| 300 |
_a651p.; _bill.; _c23cm.- |
||
| 650 | _2Financial economics | ||
| 942 |
_2ddc _cBOOKS |
||